00891nam a2200253Ia 4500003000400000005001700004006001800021007000300039008004100042024001000083037001100093040001800104041001300122100001900135110008700154245017900241260000900420650001500429700002600444700002800470700002600498700002600524700008700550OSt20220930084401.0a|||||r|||| 00| 0ta220926b |||||||| |||| 00| 0 eng d a84131 cTheses aCRLcCRLbeng 2engaeng aThakur Manisha aUniversity of Delhi. Faculty of Medical Sciences. Department of Medical Physiology 0aEvaluation of autonomic function and psychological profile in patients of chronic low back pain following electroacupuncture therapy b A prospective randomized control trial c2005 aPHYSIOLOGY a Dr. A. K. Saxena Gu. a Dr. Nilima Shankar Gu. a Dr. O. P. Tandon Gu. a Dr. Shobha Arora Gu. aUniversity of Delhi. Faculty of Medical Sciences. Department of Medical Physiology